<?xml version="1.0" encoding="UTF-8"?>
<collection xmlns="http://www.loc.gov/MARC21/slim">
 <record>
  <leader>01483nam a22002775a 4500</leader>
  <controlfield tag="001">EHU.bham050129</controlfield>
  <controlfield tag="008">210410s2020####ag######s#####000#0#spa#d</controlfield>
  <controlfield tag="005">20210410105531.0</controlfield>
  <datafield tag="245" ind1="1" ind2="3">
   <subfield code="a">La guerra de Malvinas en el teatro argentino</subfield>
   <subfield code="h">[recurso electrónico] /</subfield>
   <subfield code="c">Esteban Buch ... [et al.] ; compilado por Ricardo Dubatti.</subfield>
  </datafield>
  <datafield tag="260" ind1=" " ind2=" ">
   <subfield code="a">CABA :</subfield>
   <subfield code="b">Inteatro,</subfield>
   <subfield code="c">2020.</subfield>
  </datafield>
  <datafield tag="300" ind1=" " ind2=" ">
   <subfield code="a">1 recurso en línea (288 p.)</subfield>
  </datafield>
  <datafield tag="500" ind1=" " ind2=" ">
   <subfield code="a">Descripción basada en el recurso en línea. Título tomado de la portada PDF (visto el 10 de abril de 2021).</subfield>
  </datafield>
  <datafield tag="500" ind1=" " ind2=" ">
   <subfield code="a">Contenido: Aliados / Esteban Buch -- Retaguardia / Horacio del Prado -- Andrés y las palomas de tinta / Alberto Drago -- Laureles / Mónica Greco y José Luis de las Heras -- Hanz y Shoshana / Sebastián Kirszner -- El fusil de madera / Duilio Lanzoni -- En un azul de frío / de Rafael Monti -- Humo de guerra / Daniel Sasovsky.</subfield>
  </datafield>
  <datafield tag="538" ind1=" " ind2=" ">
   <subfield code="a">Modo de acceso: internet</subfield>
  </datafield>
  <datafield tag="020" ind1=" " ind2=" ">
   <subfield code="a">9789873811579</subfield>
  </datafield>
  <datafield tag="700" ind1="1" ind2=" ">
   <subfield code="a">Buch, Esteban.</subfield>
  </datafield>
  <datafield tag="700" ind1="1" ind2=" ">
   <subfield code="a">Dubatti, Ricardo, comp.</subfield>
  </datafield>
  <datafield tag="082" ind1="0" ind2="4">
   <subfield code="a">A862.4</subfield>
  </datafield>
  <datafield tag="653" ind1=" " ind2=" ">
   <subfield code="a">Teatro argentino contemporáneo</subfield>
  </datafield>
  <datafield tag="653" ind1=" " ind2=" ">
   <subfield code="a">Dramaturgia argentina</subfield>
  </datafield>
  <datafield tag="653" ind1=" " ind2=" ">
   <subfield code="a">Teatro argentino y Guerra de Malvinas</subfield>
  </datafield>
  <datafield tag="653" ind1=" " ind2=" ">
   <subfield code="a">Guerra de Malvinas</subfield>
  </datafield>
  <datafield tag="653" ind1=" " ind2=" ">
   <subfield code="a">Dictadura argentina, 1976-1983</subfield>
  </datafield>
  <datafield tag="655" ind1=" " ind2="7">
   <subfield code="a">Libros electrónicos</subfield>
  </datafield>
  <datafield tag="856" ind1="4" ind2="0">
   <subfield code="u">http://www.inteatro.gob.ar/editorial/publicaciones/libros/la-guerra-de-malvinas-en-el-teatro-argentino-2243</subfield>
   <subfield code="y">Acceso a texto completo</subfield>
  </datafield>
  <datafield tag="859" ind1=" " ind2=" ">
   <subfield code="a">AR-BHAM</subfield>
   <subfield code="b">BIB. HUMANIDADES - General</subfield>
   <subfield code="h">A862.4</subfield>
   <subfield code="p">nuevo-0</subfield>
  </datafield>
 </record>
</collection>
